00305nam a2200121Ia 4500008004100000082001700041100001900058245003600077250001000113260003600123300000800159650001600167191201s2005 xx 000 0 und d a621.381bMIE aMILLMAN, jacob 0aElectronic Devices and Circuits a33the aN.DelhibTata McGraw Hillc2005 a752 aB.Tech(ECE)